000 01348cam a2200349 i 4500
001 41723
003 Mx-PuUPA
005 20250320102930.0
008 140415s2002 mx gr 000 0 spa d
020 _a9707012102
040 _cMx-PuUPA
_aMx-PuUPA
_bspa
_dMx-PuUPA
_erda
041 0 _aspa
043 _an-mx---
100 1 _aMendoza Rojas, Javier,
_916889
_eautor
245 1 0 _aTransición de la educación superior contemporánea en México :
_bde la planeación al estado evaluador /
_cJavier Mendoza Rojas
250 _aPrimera edición
264 1 _aMéxico, D.F. :
_bCentro de Estudios sobre la Universidad, UNAM ;
_bMiguel Ángel Porrúa, librero-editor,
_c2002
300 _a374 páginas ;
_c21 cm.
336 _2rdacontent
_atexto
_btxt
337 _2rdamedia
_asin medio
_bn
338 _2rdacarrier
_avolumen
_bnc
490 0 _aColección Problemas educativos de México
502 _a
650 7 _2armarc
_aEducación superior y Estado
_zMéxico
650 7 _2armarc
_aUniversidades y colegios
_zMéxico
_xPlanificación
650 7 _2armarc
_aEducación superior
_xEvaluación
_zMéxico
650 7 _2armarc
_aEducación superior
_zMéxico
_ySiglo XX
942 _2ddc
_cLI
_n
_h379.72
_iM53
999 _c41723
_d41723